1088 1640 1827 1032 1078 1021 1571 2000 1207 1833 1175 1538 1295 1228 1707 1202 1685 1891 1522 1663 1553 1741 1299 1926 1031 1017 1892 1401 1337 1841 1421 1840 1885 1617 1654 1007 1964 1331 1488 1770 1014 1727 1342 1091 1758 1724 1976 1285 1294 1266 1181 1155 1021 1408 1743 1029 1964 1662 1884 1987 1686 1821 1274 1520 1008 1517 1060 1335 1158 1592 1920 1657 1377 1189 1071 1904 1887 1417 1830 1730 1725 1027 1920 1868 1105 1979 1080 1908 1955 1720 1273 1782 1347 1321 1136 1015 1299 1646 1406 BCNSPRNW ULIB Ver.6.0+V

เปลี่ยนเป็นภาษาไทย

Change to English
 แสดงรายละเอียดบรรณานุกรม
  กลับหน้าหลัก

Brief Record : Get Marc (ISO 2709) : E-mail record : QR code < ปิดหน้าต่าง
LEADER : 00000nam 2200000uu 4500
001    13399115072
003     ULIB
008    120709s2550||||th 000 0 tha d
020    ^a9789744723628
090    ^aนว.^bร930ฮ ล.1 2550
100 0  ^aโรว์ลิ่ง, เจ.เค.
245 00 ^aแฮร์รี่ พอตเตอร์ กับศิลาอาถรรพ์ เล่ม 1/^cโรว์ลิ่ง, เจ.เค.
250    ^aพิมพ์ครั้งที่ 27
260    ^aกรุงเทพฯ :^bนานมีบุ๊คส์,^c2550
300    ^a375 หน้า
710 1  ^aนานมีบุ๊คส์
945    ^p195^l0^i14049
995    ^aกัณชพร
999    ^aใช้งานได้ทุกระบบ
รายการนี้ยังไม่มีแท็ก
คุณยังไม่ได้ล็อกอิน คุณสามารถมีกิจกรรมร่วมกับเว็บไซต์ได้ แต่ต้องล็อกอินก่อน ::
  ล็อกอิน

รายการสื่อสารสนเทศ

ลำดับที่ ประเภท เลขเรียก/บาร์โค้ด สถานที่ สถานะ
1. วิทยาศาสตร์การแพทย์ และสุขภาพ
วิทยาศาสตร์การแพทย์ และสุขภาพ
นว. ร930ฮ ล.1 2550  
  Barcode: 14049
ห้องสมุดวิทยาเขตสวรรค์ประชารักษ์
►นวนิยาย
บนชั้น
  ขอยืม

รายการใกล้เคียง
    ผู้แต่ง [โรว์ลิ่ง, เจ.เค.]

BibComment


ยังไม่เคยถูกคอมเมนท์

คอมเมนท์ทรัพยากรรายการนี้
  คอมเมนท์: แฮร์รี่ พอตเตอร์..


 Copyright 2026. Bcnsprnw @Library